000 00601nam a2200265Ia 4500
005 20260306163806.0
008 008 260114s9999 xx 000 0 eng d
020 _a9780804792462
037 _aEBOOK
040 _aCRL
040 _beng
040 _cCRL
041 _2eng
041 _aeng
084 _qCRL
100 _aLehmann
245 0 _aEmissaries From The Holy Land
260 _bStanford University Press
260 _c2015
650 _aSocial Work
856 _uhttps://academic.oup.com/book/14920
942 _cEBOOK
999 _c1711513
_d1711513